000 00205nam a22000857a 4500
008 161112b xxu||||| |||| 00| 0 eng d
100 _91161
_aDhillion
245 _aPrefect PSA-IX
260 _aNew Delhi
_bAPC
_c2013
999 _c3821
_d3821